<?xml version="1.0" encoding="UTF-8"?>
<collection xmlns="http://www.loc.gov/MARC21/slim">
 <record>
  <leader>01078nam a2200241 a 4500</leader>
  <controlfield tag="001">4767275</controlfield>
  <controlfield tag="008">100222s1985    bg       b    000 0 eng d</controlfield>
  <datafield tag="010" ind1=" " ind2=" ">
   <subfield code="a">   85905022 </subfield>
  </datafield>
  <datafield tag="040" ind1=" " ind2=" ">
   <subfield code="a">DLC</subfield>
   <subfield code="c">DLC</subfield>
   <subfield code="d">DLC</subfield>
   <subfield code="d">BD-DhAAL</subfield>
  </datafield>
  <datafield tag="082" ind1="0" ind2="0">
   <subfield code="a">305.4/09549/2</subfield>
   <subfield code="2">19</subfield>
  </datafield>
  <datafield tag="100" ind1="1" ind2=" ">
   <subfield code="a">Quddus, Md. Abdul,</subfield>
   <subfield code="d">1947-</subfield>
  </datafield>
  <datafield tag="245" ind1="1" ind2="0">
   <subfield code="a">Rural women in households in Bangladesh :</subfield>
   <subfield code="b">with a case-study of three villages in Comilla /</subfield>
   <subfield code="c">Md. Abdul Quddus, M. Solaiman, M. Rezaul Karim.</subfield>
  </datafield>
  <datafield tag="260" ind1=" " ind2=" ">
   <subfield code="a">Comilla :</subfield>
   <subfield code="b">Bangladesh Academy for Rural Development,</subfield>
   <subfield code="c">1985.</subfield>
  </datafield>
  <datafield tag="300" ind1=" " ind2=" ">
   <subfield code="a">ii, 91 p. ;</subfield>
   <subfield code="c">23 cm.</subfield>
  </datafield>
  <datafield tag="504" ind1=" " ind2=" ">
   <subfield code="a">Includes Bibliography (p. [83]-88.)</subfield>
  </datafield>
  <datafield tag="541" ind1="1" ind2=" ">
   <subfield code="e">00002690</subfield>
  </datafield>
  <datafield tag="650" ind1=" " ind2="0">
   <subfield code="a">Rural women</subfield>
   <subfield code="z">Bangladesh</subfield>
   <subfield code="z">Comilla (District)</subfield>
   <subfield code="x">Case studies.</subfield>
  </datafield>
  <datafield tag="650" ind1=" " ind2="0">
   <subfield code="a">Rural women</subfield>
   <subfield code="z">Bangladesh</subfield>
   <subfield code="x">Case studies.</subfield>
  </datafield>
  <datafield tag="700" ind1="0" ind2=" ">
   <subfield code="a">Mohammad Solaiman.</subfield>
  </datafield>
  <datafield tag="700" ind1="1" ind2=" ">
   <subfield code="a">Karim, Md. Rezaul</subfield>
   <subfield code="q">(Muhammad Rezaul),</subfield>
   <subfield code="d">1945-</subfield>
  </datafield>
  <datafield tag="852" ind1="4" ind2=" ">
   <subfield code="a">Ayesha Abed Library</subfield>
   <subfield code="j">General shelf </subfield>
  </datafield>
  <datafield tag="999" ind1=" " ind2=" ">
   <subfield code="c">7921</subfield>
   <subfield code="d">7921</subfield>
  </datafield>
  <datafield tag="952" ind1=" " ind2=" ">
   <subfield code="0">0</subfield>
   <subfield code="1">0</subfield>
   <subfield code="2">ddc</subfield>
   <subfield code="4">0</subfield>
   <subfield code="6">305_409549200000000_QUD_1985</subfield>
   <subfield code="7">0</subfield>
   <subfield code="9">8884</subfield>
   <subfield code="a">BRACUL</subfield>
   <subfield code="b">BRACUL</subfield>
   <subfield code="c">GEN</subfield>
   <subfield code="d">2010-03-30</subfield>
   <subfield code="g">35.00</subfield>
   <subfield code="l">1</subfield>
   <subfield code="o">305.4095492 QUD</subfield>
   <subfield code="p">3010002690</subfield>
   <subfield code="r">2013-03-20</subfield>
   <subfield code="s">2013-01-21</subfield>
   <subfield code="t">1</subfield>
   <subfield code="w">2010-03-30</subfield>
   <subfield code="y">BK</subfield>
  </datafield>
 </record>
</collection>
